Sylvester Stallone Trivia - Statistics

General Stats
  • This quiz has been taken 24 times
  • The average score is 14 of 20
Answer Stats
Question Answer % Correct
Who is widely considered Stallone's greatest cinematic rival? Said individual later appeared in four films with Stallone. Fun fact, all four of these actors have appeared in The Expendables franchise Arnold Schwarzenegger
100%
What beloved pet did Stallone have to sell before selling the script to Rocky? He later bought him back at an increased price. Dog
100%
In which MCU film has Stallone appeared in? Guardians of the Galaxy vol. 2
100%
Before appearing rogether in a marvel film, Kurt Russell and Stallone made a movie together in the 80s. What's the name of that movie? Tango & Cash
100%
Including the Creed films, how many films has Stallone portrayed Rocky in? 8
83%
Who was Rocky's main rival in Rocky? Apollo Creed/ Carl Weathers
83%
Who was Rocky's main rival in Rocky III? Clubber Lang/ Mr. T
83%
Which of the following movies stars the actor from question 5 and Stallone? Escape Plan
83%
Who was Rocky's main rival in Rocky IV? Ivan Drago/ Dolph Lundgren
83%
Who is Stallone's main costar in the Creed movies? Michael B. Jordan
83%
In which video game did Stallone reprise the role of Rambo in a voice over? Mortal Kombat 11
83%
Which of the following movies is NOT a Stallone film? RoboCop
83%
Which of the The Expendables films were directed by Stallone himself? The Expendables
83%
How many movies has Stallone portrayed John Rambo in? 5
67%
Which of the following actors have never appeared in an Expendables film? Clancy Brown
50%
Bonus: Which of the following Stallone movies have I never seen? Judge Dredd
33%
Which of the following actors will NOT be apprearing in The Expendables 4? Michael Jai White
33%
Which of the following animated films has Stallone NOT given his voice too? Planet 51
17%
In the film Demolition Man, a certain franchise won the so called "Franchise War" in European version it's Pizza Hut. Which franchise is it in the original/ US version? Taco Bell
17%
In which Woody Allen film did Stallone have a cameo? Bananas
0%
No matching quizzes found
Score Distribution
Percent of People with Each Score
Percentile by Number Answered
Your Score History
You have not taken this quiz